000 00473nab a2200145 4500
003 ES-SlBCS
005 20210327231314.0
008 180322s2018 sp ||||| |||| 00| 0 spa d
040 _aES-SlBCS
_bspa
100 1 _aHartmann, Corinna
_9412196
245 1 0 _a"La homeopatía puede ser peligrosa"
_cCorinna Hartmann, ... [et al.]
600 1 0 _aGrams, Natalie
_vEntrevistas
_9414649
773 0 _gNº 88, 2018, págs. 56-59
_tMente y Cerebro
_wRev1286
_x1695-0887
942 _2lcc
_cAR
999 _c866050
_d866050